| 000 | 01114cam a2200349 4500 | ||
|---|---|---|---|
| 008 | #DATE n1994 000 0 eng u | ||
| 020 | _a1854313177 | ||
| 035 | _a(Sirsi) u119993 | ||
| 041 | _aeng | ||
| 050 | _a614.7026 | ||
| 100 | _aMcManus, Francis | ||
| 245 | _aEnvironmental health law. | ||
| 260 |
_aLondon _bBlackstone Press Limited _c1994 |
||
| 300 | _axxvii,257p. ; 23cm. | ||
| 350 | _a19.95 | ||
| 520 | _aBased primarily on law in England and Wales; however, there are certain chapters, namely those relating to air pollution, waste, food, noise and health and safety at work, which are applicable to Scotland | ||
| 650 | _aAIR POLLUTION | ||
| 650 |
_aBUILDING CONTROL _96222 |
||
| 650 | _aCONTAMINATED LAND | ||
| 650 |
_aEnvironment _96238 |
||
| 650 | _aENVIRONMENTAL HEALTH | ||
| 650 | _aENVIRONMENTAL LAW | ||
| 650 | _aHEALTH AND SAFETY AT WORK | ||
| 650 | _aHOUSING | ||
| 650 | _aLEGISLATION | ||
| 650 | _aNOISE POLLUTION | ||
| 650 | _aSEWERS | ||
| 650 | _aWASTE MANAGEMENT | ||
| 650 | _aWATER POLLUTION | ||
| 690 | _aENVIRONMENTAL AND LAND CONSULTANCY | ||
| 942 | _n0 | ||
| 999 |
_c102454 _d102454 |
||